| 000 | 00569nam a2200181Ia 4500 | ||
|---|---|---|---|
| 008 | 090630s9999 xx 000 0 und d | ||
| 082 | _b18157 | ||
| 100 | _aढाकुलकर नाना. | ||
| 245 |
_aमाईची माया. _cढाकुलकर नाना. |
||
| 260 |
_bविजय. _c1999 |
||
| 300 | _a18 | ||
| 600 | _aढाकुलकर नाना. | ||
| 630 | _aमाईची माया. | ||
| 655 | _aनाटक. | ||
| 700 | _aढाकुलकर नाना. | ||
| 730 | _aमाईची माया. | ||
| 942 | _cBOOK | ||
| 999 |
_c270013 _d270013 |
||